<?xml version="1.0" encoding="UTF-8"?><?xml-stylesheet type="text/xsl" href="static/style.xsl"?><OAI-PMH xmlns="http://www.openarchives.org/OAI/2.0/" xmlns:xsi="http://www.w3.org/2001/XMLSchema-instance" xsi:schemaLocation="http://www.openarchives.org/OAI/2.0/ http://www.openarchives.org/OAI/2.0/OAI-PMH.xsd"><responseDate>2026-04-17T14:58:23Z</responseDate><request verb="GetRecord" identifier="oai:www.recercat.cat:2445/155939" metadataPrefix="marc">https://recercat.cat/oai/request</request><GetRecord><record><header><identifier>oai:recercat.cat:2445/155939</identifier><datestamp>2025-12-05T14:33:51Z</datestamp><setSpec>com_2072_1057</setSpec><setSpec>col_2072_478917</setSpec><setSpec>col_2072_478923</setSpec></header><metadata><record xmlns="http://www.loc.gov/MARC21/slim" xmlns:dcterms="http://purl.org/dc/terms/" xmlns:xsi="http://www.w3.org/2001/XMLSchema-instance" xmlns:doc="http://www.lyncode.com/xoai" xsi:schemaLocation="http://www.loc.gov/MARC21/slim http://www.loc.gov/standards/marcxml/schema/MARC21slim.xsd">
   <leader>00925njm 22002777a 4500</leader>
   <datafield ind2=" " ind1=" " tag="042">
      <subfield code="a">dc</subfield>
   </datafield>
   <datafield ind2=" " ind1=" " tag="720">
      <subfield code="a">Ayora, Carles</subfield>
      <subfield code="e">author</subfield>
   </datafield>
   <datafield ind2=" " ind1=" " tag="720">
      <subfield code="a">Guilhamou, N.</subfield>
      <subfield code="e">author</subfield>
   </datafield>
   <datafield ind2=" " ind1=" " tag="720">
      <subfield code="a">Touray J.C.</subfield>
      <subfield code="e">author</subfield>
   </datafield>
   <datafield ind2=" " ind1=" " tag="720">
      <subfield code="a">Melgarejo i Draper, Joan-Carles</subfield>
      <subfield code="e">author</subfield>
   </datafield>
   <datafield ind2=" " ind1=" " tag="260">
      <subfield code="c">2020-04-20T08:31:26Z</subfield>
   </datafield>
   <datafield ind2=" " ind1=" " tag="260">
      <subfield code="c">2020-04-20T08:31:26Z</subfield>
   </datafield>
   <datafield ind2=" " ind1=" " tag="260">
      <subfield code="c">1987</subfield>
   </datafield>
   <datafield ind2=" " ind1=" " tag="260">
      <subfield code="c">2020-04-20T08:31:26Z</subfield>
   </datafield>
   <datafield ind2=" " ind1=" " tag="520">
      <subfield code="a">Scheelite-bearing quartz veins from Poblet, trending in a NE-SW direction, are hosted by calcic granitoids of Late Hercynian age in the southern part of the Catalonian Coast Range. Fluid inclusions from quartz and scheelite have been characterized using microthermometry, Raman microspectrometry and Scanning Electron Microscopy. Except for type I inclusions (not observed in scheelite), similar inclusions have been observed in both minerals. One recognizes, in order of formation : Type I inclusions containing brine, daughter phases (halite, sylvite and sometimes iron chloride) and incidentally trapped minerals (ankerite, siderite, muscovite, K-felspar and unidentified species). Type II(L) inclusions have a low salinity (1 to 6 % eq. NaCl) and homogenize in the liquid phase in the range of 300-400 °C or under critical conditions near 400 °C. Type II(V) are low density, CO2-poor aqueous inclusions, homogenizing in the gas phase in the range of 350-420 °C. Type II(V') have higher CO2 contents. Type II inclusions appear as samples of an initially hypercritical fluid, trapped at different stages of its evolutions towards two subcritical fluids. Type III inclusions indicate later circulation of a colder, low-salinity solution (Th : 150 to 300 °C ; salinity : 0 to 3.5 % NaCl wt %). Abundant iron contents in type I inclusions suggest some interaction at elevated temperature (400 to 600°C) with a biotite granite (Whitney et al., 1985). P-T conditions compatible with measurements performed on type II inclusions are about 400 °C and 0.8 kbar, in a range similar to that determined for the Djbel Aouam occurrence in Hercynian Morocco (Cheilletz, 1984). Equivalent conditions have been postulated for scheelite precipitation at Poblet.</subfield>
   </datafield>
   <datafield tag="653" ind2=" " ind1=" ">
      <subfield code="a">Scheelita</subfield>
   </datafield>
   <datafield tag="653" ind2=" " ind1=" ">
      <subfield code="a">Quars</subfield>
   </datafield>
   <datafield tag="653" ind2=" " ind1=" ">
      <subfield code="a">Serralada Litoral Catalana</subfield>
   </datafield>
   <datafield tag="653" ind2=" " ind1=" ">
      <subfield code="a">Scheelite</subfield>
   </datafield>
   <datafield tag="653" ind2=" " ind1=" ">
      <subfield code="a">Quartz</subfield>
   </datafield>
   <datafield tag="653" ind2=" " ind1=" ">
      <subfield code="a">Catalan Coastal Range (Catalonia)</subfield>
   </datafield>
   <datafield ind2="0" ind1="0" tag="245">
      <subfield code="a">Scheelite bearing quartz veins from Poblet (Catalonian Coastal Ranges): Characterisation of fluid inclussions and genetic model</subfield>
   </datafield>
</record></metadata></record></GetRecord></OAI-PMH>